000 00378nam a22001217a 4500
999 _c4586
_d4586
008 250304b ||||| |||| 00| 0 eng d
020 _a9781444916294
082 _aFIC BLY
100 _aBLYTON,GUID
_eAUTHOR
245 _aTHE FAMOUS FIVE ADVENTURES
_bA LAZY AFTERNOON
260 _aCARMELITE HOUSE 50 VICTORIA EMBANKMENTLONDON EC4Y 0DZ
_bHODDER CHILDREN'S BOOKS
_c2014
942 _2ddc